000 00726nam a2200277Ia 4500
005 20260324112522.0
008 008 260324s9999 xx 000 0 eng d
020 _a9781003414025
037 _aEBOOK
040 _aCRL
040 _beng
040 _cCRL
041 _2eng
041 _aeng
084 _qCRL
100 _aKhemchand R. Surana; Eknath D. Ahire; Raj K. Keservani; Rajesh K. Kesharwani
_91143029
245 0 _aPreventive and Therapeutic Role of Vitamins as Nutraceuticals
260 _bTaylor and Francis
260 _c2024
365 _a
365 _b290
856 _uhttp://www.taylorfrancis.com/books/9781003414025
942 _cEBOOK
999 _c1732268
_d1732268